| 000 | 00448nam a2200181Ia 4500 | ||
|---|---|---|---|
| 008 | 131103s9999 xx 000 0 und d | ||
| 020 | _cRs.200.00 | ||
| 040 | _aLoreto College | ||
| 041 | _aEnglish | ||
| 082 |
_a891.44/MUK _bLCBED/14247 |
||
| 245 | _aKishore Puran samagra | ||
| 250 | _a3rd ed. | ||
| 260 |
_aCalcutta _bGranthik _c2004 |
||
| 300 |
_a526p. _c 24cm. |
||
| 650 | _aBengali language | ||
| 850 | _aLCBED/891.44/MUK | ||
| 942 | _cBK | ||
| 999 |
_c30611 _d81090 |
||